000
00259nam a2200121Ia 4500
100
_a
Mylius. R.
942
_c
BK
654
_a
Computer
245
_a
Lotus 1-2-3 : Students work book
260
_b
BPB Pub
_a
New Delhi
_c
1987
546
_a
ENGLISH
999
_c
26418
_d
26418